| 000 | 00488nam a22001697a 4500 | ||
|---|---|---|---|
| 999 |
_c40656 _d40656 |
||
| 003 | OSt | ||
| 005 | 20200606120100.0 | ||
| 008 | 191026b ||||| |||| 00| 0 eng d | ||
| 020 | _a9788188804146 | ||
| 040 | _cMESKC library | ||
| 082 |
_a891.431 _bDAR/J |
||
| 100 |
_aDharmendra B R _92 |
||
| 245 |
_aJage Raho Jwalamukhi/ _cDr. BR Dharmendra |
||
| 260 |
_aDelhi: _bAchinth Prakashan, _c2015 |
||
| 300 | _a144p | ||
| 942 |
_2ddc _cBK _h891.431 _iDAR/J _k891.431 _mDAR/J |
||